000 00691nam a2200289Ia 4500
005 20260324143629.0
008 008 260324s9999 xx 000 0 eng d
020 _a9781315488738
037 _aEBOOK
040 _aCRL
040 _beng
040 _cCRL
041 _2eng
041 _aeng
084 _qCRL
100 _aMark D. Roehrs; William A. Renzi
_91216354
245 0 _aNever Look Back
245 0 _bHistory of World War II in the Pacific
260 _bTaylor and Francis
260 _c1991
365 _a
365 _b290
856 _uhttp://www.taylorfrancis.com/books/9781315488738
942 _cEBOOK
999 _c1821956
_d1821956